Minecraft Mobs: Salmon - Statistics

General Stats
  • This quiz has been taken 11 times
  • The average score is 7 of 10
Answer Stats
Question Answer % Correct
What is a small salmon's height in blocks? 0.2
89%
How many health points does a salmon have? 3
89%
What is one biome that only spawns salmon in the water ambient category? Deep Frozen Ocean | Frozen Ocean | Frozen River | River
89%
What is a medium salmon's height in blocks? 0.4
78%
What is a large salmon's height in blocks? 0.6
78%
What is a medium salmon's width in blocks? 0.7
67%
What's the maximum number of salmon that can swim in a school? 7
67%
What is a small salmon's width in blocks? 0.35
56%
What is a large salmon's width in blocks? 1.05
44%
What is one other biome that salmon can spawn in? Deep Cold Ocean | Cold Ocean
22%
No matching quizzes found
Score Distribution
Percent of People with Each Score
Percentile by Number Answered
Your Score History
You have not taken this quiz